|
|
|
|
| LEADER |
00000nab a2200000 a 4500 |
| 001 |
vtls000560695 |
| 003 |
SK-MaSNL |
| 005 |
20260304095803.0 |
| 008 |
250425c1995 xo 0 slo |
| 015 |
|
|
|a SNBRB19rr/mm-uuuuu
|
| 035 |
|
|
|a CL0560833
|
| 035 |
|
|
|a (urnnbn)urn:nbn:sk:snk:ar-004vca
|
| 035 |
|
|
|a (uuid)1b78d4b1-8abd-4b3e-8d59-50a859e3d02f
|
| 035 |
|
|
|a urn:nbn:sk:snk-ab7y2i
|
| 040 |
|
|
|a SNKBUCL
|b slo
|c SNKBUCL
|e AACR2
|
| 041 |
0 |
|
|a slo
|
| 044 |
|
|
|a xo
|c SK
|
| 080 |
|
|
|a 943.92(=914.99)(048):397(439.2)(048)
|2 1981
|
| 080 |
|
|
|a 397(439.2)(048)
|2 1981
|
| 100 |
1 |
|
|a Horváth, Pavel,
|d 1926-1999
|4 aut
|9 13541
|
| 245 |
1 |
0 |
|a Augustíni, S.: Cigáni v Uhorsku
|c Pavel Horváth
|
| 650 |
0 |
7 |
|a Rómovia
|z Uhorsko
|x monografie
|x recenzie
|2 snkbucl
|9 1296002
|
| 651 |
|
7 |
|a Uhorsko
|2 snkbucl
|9 28673
|
| 655 |
|
7 |
|a články z novín a časopisov
|2 snkbucl
|9 267496
|
| 773 |
0 |
|
|t Historický časopis
|g Roč. 43, č. 2 (1995), s. 391-392
|x 0018-2575
|
| 787 |
0 |
8 |
|i Rec.:
|a Augustíni, Samuel
|t Cigáni v Uhorsku
|d Bratislava : Štúdio -dd-, 1995
|
| 850 |
|
|
|a Slovenská národná knižnica
|
| 852 |
|
|
|a Slovenská národná knižnica
|
| 954 |
|
|
|a odborná, vedecká literatúra pôvodná (slovenská)
|2 lita
|
| 958 |
|
|
|a article9
|
| 958 |
|
|
|a OND
|
| 958 |
|
|
|a RK
|
| 958 |
|
|
|a EUIPO
|
| 992 |
|
|
|a RBX
|
| 999 |
|
|
|c 2834406
|d 2836336
|